Livelihoods grow in gardens : Diversifying rural incomes through home gardens

Uloženo v:
Podrobná bibliografie
Hlavní autor: Landon-Lane, Chris
Médium: Kniha
Jazyk:Undetermined
Vydáno: Rome, Italy FAO 2004
Témata:
Tagy: Přidat tag
Žádné tagy, Buďte první, kdo otaguje tento záznam!
Thư viện lưu trữ: Trung tâm Học liệu Trường Đại học Cần Thơ
LEADER 00549nam a2200193Ia 4500
001 CTU_69337
008 210402s9999 xx 000 0 und d
082 |a 338.1 
082 |b L259 
100 |a Landon-Lane, Chris 
245 0 |a Livelihoods grow in gardens : 
245 0 |b Diversifying rural incomes through home gardens 
245 0 |c Chris Landon-Lane 
260 |a Rome, Italy 
260 |b FAO 
260 |c 2004 
650 |a Food processing,Farm products 
904 |i Minh, Năm 
980 |a Trung tâm Học liệu Trường Đại học Cần Thơ